=LDR 00000nam 2200000 4500 =001 INLIS00000000000104 =005 20260702043538 =020 ##$$a 979-593-342-7 =082 ##$$a 338.479 =100 1#$$a Bambang Udoyono, Drs. =245 1 $$a Sukses Menjadi Pramuwisata Professional /$c Bambang Udoyono, Drs. =300 ##$$a 284 ; 21 x 28 cm